[Event "Elit(Wasa-Upsala)"]
[Site "?"]
[Date "2007.11.18"]
[Round "5"]
[White "Marttala, Thomas"]
[Black "Soderberg, Per"]
[Result "1/2-1/2"]
[WhiteElo "2290"]
[BlackElo "2189"]
[PlyCount "155"]

1. c4 Nf6 2. Nf3 e6 3. g3 d5 4. Bg2 Be7 5. O-O O-O 6. b3 Ne4 7. Bb2 f5 8. d3
Bf6 9. Qc2 Bxb2 10. Qxb2 Nf6 11. Nbd2 Nbd7 12. cxd5 exd5 13. Nd4 Nb6 14. Rac1
c6 15. b4 Qd6 16. e3 Bd7 17. Qb3 Kh8 18. a4 Rae8 19. a5 Nc8 20. Qc3 Ng4 21.
N2f3 a6 22. Nb3 Ne7 23. h3 Nh6 24. Nc5 Bc8 25. Qe5 Qg6 26. Qc7 f4 27. exf4 Nef5
28. Ne5 Qf6 29. Nb3 Re7 30. Qb6 Nf7 31. Nf3 h5 32. Qc5 Rfe8 33. Rfe1 N5d6 34.
Qd4 Qf5 35. Rxe7 Rxe7 36. Nh4 Qe6 37. Qc5 Re8 38. Nd4 Qf6 39. Nhf3 Nf5 40. Nxf5
Bxf5 41. Bf1 Kg8 42. Qd4 Qd6 43. Re1 Rxe1 44. Nxe1 Nd8 45. Nf3 Ne6 46. Qb6 Qe7
47. Nh4 Bh7 48. f5 Nf8 49. Qd4 Nd7 50. Qe3 Qf7 51. g4 hxg4 52. hxg4 g6 53. Qg5
Nf8 54. d4 Qg7 55. f6 Qd7 56. Nf5 Ne6 57. Nh6+ Kf8 58. Qe5 g5 59. Qb8+ Nd8 60.
f3 Bg6 61. Qe5 Ne6 62. Kf2 Ke8 63. Nf5 Kf8 64. Bd3 Nf4 65. Bc2 Qd8 66. f7 Kxf7
67. Qg7+ Ke6 68. Qxb7 Qd7 69. Qb8 Qh7 70. Qd6+ Kf7 71. Qe7+ Kg8 72. Qxh7+ Kxh7
73. Ke3 Ne6 74. Bd3 Nc7 75. Ne7 Bxd3 76. Kxd3 Kg7 77. Nxc6 Kf6 78. Ke3 1/2-1/2

[Event "Elit(Wasa-Upsala)"]
[Site "?"]
[Date "2007.11.18"]
[Round "5"]
[White "Nystrom, Ragnar"]
[Black "Lindberg, Henrik"]
[Result "0-1"]
[WhiteElo "1955"]
[BlackElo "2255"]
[PlyCount "94"]

1. d4 d5 2. c4 e6 3. Nc3 c5 4. cxd5 exd5 5. Nf3 Nc6 6. g3 Nf6 7. Bg2 Be7 8. O-O
O-O 9. h3 Re8 10. e3 c4 11. b3 Bb4 12. Bb2 Bxc3 13. Bxc3 Ne4 14. Qc1 cxb3 15.
axb3 Bf5 16. Nd2 Rc8 17. Nxe4 Bxe4 18. Bxe4 dxe4 19. Qb2 Qd5 20. Rfc1 a6 21.
Rab1 Rcd8 22. Qe2 Qe6 23. Kg2 Rd5 24. Bd2 Rb5 25. Qc4 Qf5 26. Qe2 Qe6 27. Qc4
Qf5 28. Qe2 Rd8 29. b4 Rdd5 30. g4 Qe6 31. Rg1 h5 32. Kf1 Rg5 33. Rg3 h4 34.
Rg2 a5 35. Kg1 axb4 36. f4 exf3 37. Qxf3 Rg6 38. Be1 Rf6 39. Qe2 Qe4 40. Rb2
Ra5 41. Bf2 Rf3 42. Kh2 Nxd4 43. exd4 Qf4+ 44. Kh1 Rxh3+ 45. Kg1 Ra1+ 46. Be1
Re3 47. Rf2 Rxe1+ 0-1

[Event "Elit(Sollentuna-Vasteras)"]
[Site "?"]
[Date "2007.11.18"]
[Round "5"]
[White "Eriksson, Anders"]
[Black "Agrest, Evgenij"]
[Result "0-1"]
[WhiteElo "2360"]
[BlackElo "2653"]
[PlyCount "148"]
[SourceDate "2007.12.16"]

1. Nf3 d5 2. g3 Bg4 3. Bg2 Nd7 4. c4 e6 5. d4 c6 6. Qb3 Qb6 7. Nc3 Ngf6 8. Bf4
dxc4 9. Qxc4 Be7 10. O-O O-O 11. h3 Bh5 12. e4 Rfd8 13. Rfd1 h6 14. a3 a5 15.
Rd2 a4 16. Nxa4 Qb5 17. Qxb5 cxb5 18. Nc5 Nxc5 19. dxc5 Bxc5 20. Rc2 Ba7 21.
Ne5 g5 22. Be3 Bxe3 23. fxe3 Nd7 24. Nxd7 Rxd7 25. Rac1 Rad8 26. Bf1 Bg6 27.
Bxb5 Rd1+ 28. Rxd1 Rxd1+ 29. Kf2 Bxe4 30. Rc8+ Kg7 31. Rc4 Rd2+ 32. Ke1 Rxb2
33. Rxe4 Rxb5 34. h4 gxh4 35. gxh4 Rb2 36. a4 Kf6 37. Rf4+ Ke7 38. Kd1 f5 39.
Kc1 Ra2 40. Kb1 Ra3 41. Rb4 Kf6 42. Kb2 Rxe3 43. Rxb7 f4 44. a5 Re5 45. a6 Ra5
46. a7 f3 47. Rb3 Rxa7 48. Rxf3+ Ke7 49. Rf4 Rc7 50. Kb3 Rc5 51. Kb4 Rc1 52.
Rg4 Kf7 53. Kb3 Rc5 54. Kb4 Rd5 55. Kc3 Kf6 56. Rg1 Rh5 57. Rg4 Ra5 58. Kd3 Kf5
59. Rb4 Re5 60. Ra4 Re1 61. Ra5+ Re5 62. Ra4 h5 63. Rb4 Re1 64. Rb5+ e5 65. Rb4
Rg1 66. Rb8 Rg3+ 67. Ke2 Rg4 68. Rf8+ Ke4 69. Ra8 Rf4 70. Ra1 Kf5 71. Rh1 Kg4
72. Kd3 Rd4+ 73. Kc3 Rd5 74. Kc4 Rd2 0-1

[Event "Elit(Sollentuna-Vasteras)"]
[Site "?"]
[Date "2007.11.18"]
[Round "5"]
[White "Ivanov, Sergej"]
[Black "Norberg, Johan"]
[Result "1/2-1/2"]
[WhiteElo "2587"]
[BlackElo "2392"]
[PlyCount "106"]

1. d4 g6 2. c4 Bg7 3. e4 d6 4. Nc3 Nf6 5. Be2 O-O 6. Bg5 c5 7. d5 e6 8. Qd2
exd5 9. exd5 Qb6 10. Nf3 Bg4 11. O-O Nbd7 12. h3 Bxf3 13. Bxf3 Rfe8 14. Rfe1
Qb4 15. Nb5 Qxd2 16. Bxd2 Bf8 17. Rxe8 Nxe8 18. Re1 a6 19. Nc3 Nef6 20. g4 h6
21. Be2 Re8 22. f4 Re7 23. Bf3 Rxe1+ 24. Bxe1 Bg7 25. b3 Kf8 26. Kg2 Ne8 27.
Ne4 Bd4 28. h4 f6 29. a4 Ke7 30. Bd2 Ng7 31. Ng3 f5 32. h5 Nf6 33. hxg6 fxg4
34. Be2 h5 35. Bd3 h4 36. Nf5+ Nxf5 37. Bxf5 b6 38. a5 bxa5 39. Bxa5 Be3 40.
Bc3 Bd4 41. Be1 g3 42. Kf3 Nh5 43. Bh3 Kf6 44. Kg4 Ng7 45. Kxh4 Bf2 46. Bxf2
gxf2 47. Kg3 Nh5+ 48. Kxf2 Nxf4 49. Bc8 a5 50. Ke3 Nxg6 51. Ke4 Ne5 52. Ba6 Ke7
53. Bb5 Kf6 1/2-1/2

[Event "Elit(Sollentuna-Vasteras)"]
[Site "?"]
[Date "2007.11.18"]
[Round "5"]
[White "Nilsson, Andre"]
[Black "Berg, Emanuel"]
[Result "0-1"]
[WhiteElo "2324"]
[BlackElo "2663"]
[PlyCount "70"]

1. g3 e5 2. Bg2 Nc6 3. d3 g6 4. c4 Bg7 5. Nc3 d6 6. Nf3 f5 7. O-O Nf6 8. Rb1 a5
9. a3 O-O 10. b4 axb4 11. axb4 h6 12. b5 Ne7 13. Nd2 c6 14. Qb3 Be6 15. Ba3 Qd7
16. Ra1 c5 17. Bb2 Rab8 18. Nd5 f4 19. Nxe7+ Qxe7 20. Ne4 Nxe4 21. Bxe4 Bh3 22.
Rfb1 h5 23. f3 Bh6 24. Bc1 g5 25. Ra7 g4 26. Qa4 fxg3 27. Bxh6 Qh4 28. Qa5
gxh2+ 29. Kh1 Qf2 30. fxg4 Bf1 31. Bd5+ Kh8 32. Rxf1 Qxf1+ 33. Kxh2 Rf2+ 34.
Kg3 Qg1+ 35. Kh4 Qxg4# 0-1

[Event "Elit(Sollentuna-Vasteras)"]
[Site "?"]
[Date "2007.11.18"]
[Round "5"]
[White "Lindberg, Bo"]
[Black "Wikstrom, Per"]
[Result "1/2-1/2"]
[WhiteElo "2472"]
[BlackElo "2175"]
[PlyCount "68"]

1. d4 d5 2. c4 c6 3. Nf3 e6 4. Qc2 dxc4 5. Qxc4 b5 6. Qc2 Bb7 7. e4 a6 8. Be3
Nf6 9. Nbd2 Nbd7 10. Bd3 Rc8 11. e5 Nd5 12. Bxh7 c5 13. Bg5 Qb6 14. O-O cxd4
15. Qb1 Be7 16. Bxe7 Kxe7 17. Be4 Rh5 18. Re1 g5 19. Nf1 g4 20. Ng3 Rh6 21. Nd2
Nc5 22. Qd1 Rg8 23. Rc1 d3 24. Nb3 Nxe4 25. Rxe4 Rxh2 26. Nc5 Rgh8 27. Qxd3
Rxg2+ 28. Kf1 Rxg3 29. Qxg3 Rh1+ 30. Kg2 Rxc1 31. Qh4+ Ke8 32. Qh8+ Ke7 33.
Qh4+ Ke8 34. Qh8+ Ke7 1/2-1/2

[Event "Elit(Sollentuna-Vasteras)"]
[Site "?"]
[Date "2007.11.18"]
[Round "5"]
[White "Norberg, Erik"]
[Black "Carlsson, Pontus"]
[Result "1-0"]
[WhiteElo "2259"]
[BlackElo "2578"]
[PlyCount "65"]

1. c4 e5 2. Nc3 Bb4 3. g3 Bxc3 4. dxc3 Ne7 5. Bg2 O-O 6. Nf3 Nbc6 7. O-O d6 8.
Qc2 Bf5 9. e4 Be6 10. b3 h6 11. Nh4 Qd7 12. f4 exf4 13. gxf4 f5 14. Be3 Rae8
15. e5 dxe5 16. Rad1 Qc8 17. fxe5 b6 18. Bxh6 Nxe5 19. Bg5 N7g6 20. Nxg6 Nxg6
21. Bc6 Ne5 22. Bxe8 Rxe8 23. Qg2 Bf7 24. Rfe1 Qe6 25. Bf4 Qf6 26. Rxe5 Rxe5
27. Bxe5 Qxe5 28. Rd8+ Kh7 29. Qh3+ Kg6 30. Qg3+ Qxg3+ 31. hxg3 Be6 32. Ra8 a5
33. Ra7 1-0

[Event "Elit(Sollentuna-Vasteras)"]
[Site "?"]
[Date "2007.11.18"]
[Round "5"]
[White "Couso, Luis"]
[Black "Janse, Rasmus"]
[Result "0-1"]
[WhiteElo "2347"]
[BlackElo "2204"]
[PlyCount "92"]

1. e4 e6 2. d4 d5 3. Nc3 Bb4 4. e5 c5 5. a3 Bxc3+ 6. bxc3 Ne7 7. Nf3 Nbc6 8. a4
Qa5 9. Bd2 Bd7 10. Bb5 c4 11. Ng5 h6 12. Nh3 a6 13. Bxc6 Bxc6 14. Nf4 Bxa4 15.
Nh5 Rg8 16. O-O b5 17. Qf3 Qc7 18. Ra2 Ng6 19. Qh3 O-O-O 20. f4 Qd7 21. Bc1 Nf8
22. Ba3 Nh7 23. Ng3 Rde8 24. Qh5 Nf8 25. f5 g6 26. fxg6 Rxg6 27. Bxf8 Rxf8 28.
Qxg6 fxg6 29. Rxf8+ Kb7 30. Rf6 Qe8 31. Ne2 g5 32. Rxh6 Qf7 33. Rf6 Qh7 34. Ng3
Bxc2 35. Rf3 Bd1 36. Rf1 Qd3 37. Ra1 Bg4 38. Rac1 b4 39. cxb4 Qxd4+ 40. Rf2
Qxe5 41. Nf1 c3 42. h3 Bf5 43. Rf3 d4 44. Ng3 d3 45. Nxf5 d2 46. Rcf1 exf5 0-1

[Event "Elit(Sollentuna-Vasteras)"]
[Site "?"]
[Date "2007.11.18"]
[Round "5"]
[White "Adal, Mattias"]
[Black "Bergstrom, Peter"]
[Result "1-0"]
[WhiteElo "2045"]
[BlackElo "2349"]
[PlyCount "83"]

1. e4 c6 2. d4 d5 3. exd5 cxd5 4. Bd3 Nf6 5. c3 Bg4 6. Qb3 Qc8 7. h3 Bd7 8. Bf4
e6 9. Nd2 Nc6 10. a4 Be7 11. Ne2 O-O 12. g4 Ne8 13. Qc2 f5 14. h4 Nf6 15. f3
Kh8 16. gxf5 exf5 17. h5 a6 18. a5 Qd8 19. Nb3 Ne8 20. Be5 Bf6 21. Bxf6 Qxf6
22. Nc5 Bc8 23. b4 Nd6 24. O-O-O Nc4 25. Bxc4 dxc4 26. Nf4 Kg8 27. Qe2 Qf7 28.
Rde1 Bd7 29. Nxd7 Qxd7 30. Qxc4+ Qf7 31. Qxf7+ Kxf7 32. d5 Ne7 33. Re5 Rac8 34.
Rhe1 Ng8 35. Kd2 Nf6 36. Kd3 Rfe8 37. c4 Rxe5 38. Rxe5 g6 39. d6 g5 40. Re7+
Kf8 41. Ne6+ Kg8 42. d7 1-0

[Event "Elit(Sollentuna-Vasteras)"]
[Site "?"]
[Date "2007.11.18"]
[Round "5"]
[White "Rosberg, Simon"]
[Black "Kimari, Patrick"]
[Result "1-0"]
[WhiteElo "2335"]
[BlackElo "2163"]
[PlyCount "81"]

1. d4 g6 2. c4 Bg7 3. Nc3 c5 4. d5 Bxc3+ 5. bxc3 f5 6. e4 fxe4 7. f3 Nf6 8.
fxe4 d6 9. Bd3 Nbd7 10. Nf3 Ng4 11. O-O O-O 12. Rb1 Nde5 13. Rb2 b6 14. h3
Nxf3+ 15. gxf3 Ne5 16. f4 Nxd3 17. Qxd3 Qd7 18. f5 Ba6 19. Rg2 Qa4 20. Rf4 Qxc4
21. Qd2 Qd3 22. Qe1 Rf6 23. Be3 Raf8 24. Rd2 Qb5 25. Rdf2 Qd3 26. Rg4 Kh8 27.
Bg5 R6f7 28. Kh2 gxf5 29. Rgf4 Rg8 30. R2f3 Qc4 31. Rxf5 Rxf5 32. Rxf5 Qxa2+
33. Rf2 Qc4 34. Bxe7 Rg6 35. Qe3 Qd3 36. Qf4 h6 37. Bxd6 Kh7 38. Qf7+ Rg7 39.
Qf5+ Rg6 40. Rg2 Qf1 41. Qxg6+ 1-0

[Event "Elit(Solna-Rockaden)"]
[Site "?"]
[Date "2007.11.18"]
[Round "5"]
[White "Hermansson, Emil"]
[Black "Lindberg, Bengt"]
[Result "1/2-1/2"]
[WhiteElo "2543"]
[BlackElo "2495"]
[PlyCount "60"]

1. e4 c5 2. Nf3 e6 3. d4 cxd4 4. Nxd4 Nc6 5. Nc3 Qc7 6. Be3 a6 7. Qd2 Nf6 8.
O-O-O Be7 9. f3 O-O 10. g4 Rd8 11. g5 Ne8 12. h4 Ne5 13. f4 Nc4 14. Bxc4 Qxc4
15. h5 Bb4 16. g6 Bxc3 17. bxc3 d5 18. e5 Rd7 19. f5 exf5 20. Nxf5 Rc7 21. Nd6
Qxa2 22. Qd3 Nxd6 23. exd6 Qa3+ 24. Kb1 Rxc3 25. gxf7+ Kf8 26. Qxh7 Rb3+ 27.
cxb3 Qxb3+ 28. Ka1 Qa3+ 29. Kb1 Qb3+ 30. Ka1 Qa3+ 1/2-1/2

[Event "Elit(Solna-Rockaden)"]
[Site "?"]
[Date "2007.11.18"]
[Round "5"]
[White "Jonsson, Mikael"]
[Black "Karlsson, Lars"]
[Result "0-1"]
[WhiteElo "2308"]
[BlackElo "2558"]
[PlyCount "60"]

1. d4 f5 2. g3 Nf6 3. Bg2 e6 4. Nd2 Nc6 5. c3 d6 6. e4 e5 7. d5 Ne7 8. c4 g6 9.
Ne2 c6 10. Nc3 Bg7 11. O-O O-O 12. b4 cxd5 13. cxd5 f4 14. a4 Bg4 15. f3 Bd7
16. a5 Rc8 17. Bb2 fxg3 18. hxg3 Nh5 19. Kh2 Bh6 20. Re1 Nxg3 21. Kxg3 Nf5+ 22.
exf5 Bf4+ 23. Kf2 Qh4+ 24. Kf1 Rxc3 25. Bxc3 Bb5+ 26. Re2 Be3 27. Ne4 Rxf5 28.
Qc2 Rg5 29. Bd2 Qh1+ 30. Bxh1 Rg1# 0-1

[Event "Elit(Solna-Rockaden)"]
[Site "?"]
[Date "2007.11.18"]
[Round "5"]
[White "Engqvist, Thomas"]
[Black "Steneskog, Per"]
[Result "1/2-1/2"]
[WhiteElo "2428"]
[BlackElo "2245"]
[PlyCount "92"]

1. c4 e6 2. Nf3 d5 3. d4 c5 4. cxd5 exd5 5. Nc3 Nc6 6. g3 Nf6 7. Bg2 Be7 8. O-O
O-O 9. Bg5 cxd4 10. Nxd4 h6 11. Be3 Re8 12. Rc1 Bf8 13. a3 Bg4 14. h3 Be6 15.
Nxe6 fxe6 16. f4 Kh8 17. Bf2 Re7 18. Qa4 Rd7 19. Rfd1 Rc8 20. e4 d4 21. Na2 e5
22. fxe5 Nxe5 23. Rxd4 Rxc1+ 24. Nxc1 Bc5 25. Rxd7 Bxf2+ 26. Kxf2 Nfxd7 27. Ne2
Nd3+ 28. Kg1 Qb6+ 29. Qd4 Nxb2 30. Qxb6 axb6 31. Nc3 Nc4 32. Nb5 Kg8 33. Kf2
Kf7 34. Bf1 Nde5 35. h4 Nd2 36. Bg2 Ndc4 37. Bh3 Ke7 38. Ke2 g5 39. hxg5 hxg5
40. Bc8 Nd6 41. Nxd6 Kxd6 42. Bxb7 Kc5 43. Ke3 Nc4+ 44. Kf3 Ne5+ 45. Ke3 Nc4+
46. Kf3 Ne5+ 1/2-1/2

[Event "Elit(Solna-Rockaden)"]
[Site "?"]
[Date "2007.11.18"]
[Round "5"]
[White "Karlsson, Tomas"]
[Black "Bator, Robert"]
[Result "1/2-1/2"]
[WhiteElo "2287"]
[BlackElo "2405"]
[PlyCount "91"]

1. e4 c5 2. Nc3 Nc6 3. f4 g6 4. Nf3 Bg7 5. Bc4 e6 6. f5 Ne5 7. Nxe5 Bxe5 8. Qf3
gxf5 9. O-O Qh4 10. g3 Qg4 11. Qxg4 fxg4 12. d3 a6 13. Be3 d6 14. Rf2 b5 15.
Bb3 Ra7 16. Raf1 Rc7 17. Nd1 h5 18. c3 Rh7 19. d4 cxd4 20. cxd4 Bg7 21. a3 Bh6
22. Bxh6 Nxh6 23. Ne3 Bb7 24. Rc2 Kd7 25. Rxc7+ Kxc7 26. d5 e5 27. Bc2 Bc8 28.
Bd3 Bd7 29. b4 Rh8 30. Rf6 Be8 31. Rf1 Bd7 32. Rf6 Rh7 33. Rf1 Kd8 34. a4 Rh8
35. axb5 axb5 36. Ra1 Ke7 37. Ra7 Rb8 38. Kf2 Kd8 39. Ke2 Ng8 40. Ra6 Kc7 41.
Ra7+ Rb7 42. Ra8 Rb8 43. Ra7+ Rb7 44. Ra1 Ne7 45. Rf1 Be8 46. Rc1+ 1/2-1/2

[Event "Elit(Solna-Rockaden)"]
[Site "?"]
[Date "2007.11.18"]
[Round "5"]
[White "Livner, Anders"]
[Black "Landgren, Andreas"]
[Result "1/2-1/2"]
[WhiteElo "2397"]
[BlackElo "2213"]
[PlyCount "101"]

1. d4 d5 2. c4 e6 3. Nf3 c6 4. e3 Nf6 5. Bd3 dxc4 6. Bxc4 b5 7. Bd3 a6 8. a4
Bb7 9. Nbd2 Nbd7 10. Nb3 b4 11. a5 c5 12. O-O cxd4 13. exd4 Be7 14. Bf4 O-O 15.
Qe2 Nh5 16. Be3 Bd6 17. Nc5 Nxc5 18. dxc5 Bc7 19. c6 Bxc6 20. Bxh7+ Kh8 21. Ne5
Qh4 22. g3 Qh3 23. Nxc6 Kxh7 24. Nxb4 Rh8 25. Qf3 Bd6 26. Ra4 Kg6 27. Nd3 Nf6
28. Qg2 Qf5 29. Nf4+ Bxf4 30. Bxf4 Rac8 31. Bd2 Qb5 32. Rb4 Qd3 33. Bc3 Rh5 34.
h3 Rch8 35. h4 Rf5 36. Re1 Rd8 37. Kh2 Qc2 38. Kg1 Rd3 39. Rd4 Rxd4 40. Bxd4
Qa4 41. Bc3 Kh7 42. Bxf6 gxf6 43. Qb7 Kg7 44. Qxa6 Rxa5 45. Qe2 Rb5 46. Rc1 Re5
47. Qc4 Re1+ 48. Kg2 Qa8+ 49. Qc6 Qa5 50. Rxe1 Qxe1 51. Qf3 1/2-1/2

[Event "Elit(Solna-Rockaden)"]
[Site "?"]
[Date "2007.11.18"]
[Round "5"]
[White "Johansson, Gunnar"]
[Black "Orndahl, Markus"]
[Result "1-0"]
[WhiteElo "2270"]
[BlackElo "2352"]
[PlyCount "117"]

1. d4 d5 2. Nf3 Nf6 3. c4 c6 4. e3 a6 5. Bd3 Bg4 6. O-O e6 7. Nbd2 Nbd7 8. b3
Bd6 9. Bb2 O-O 10. Qc2 Qb8 11. h3 Bh5 12. Ng5 Bg6 13. Bxg6 hxg6 14. Rfe1 b5 15.
Rab1 Qb7 16. e4 Be7 17. Qd3 Rad8 18. Qe3 Nh7 19. Ngf3 Rfe8 20. Bc3 Rc8 21. Bb2
Qa8 22. Rbc1 Bb4 23. Bc3 Ba3 24. Rcd1 Bf8 25. Rc1 Rb8 26. Qf4 Ndf6 27. e5 Nd7
28. c5 b4 29. Bb2 a5 30. Nf1 a4 31. Rc2 Qa6 32. Qe3 Be7 33. Bc1 Qb5 34. Bd2 Ra8
35. Rb1 a3 36. Re1 Ndf8 37. Qe2 Qxe2 38. Rxe2 Rab8 39. h4 Nd7 40. Rc1 Nhf8 41.
Ne3 Rb5 42. Nc2 Reb8 43. Nfe1 Bd8 44. Nd3 Ba5 45. f4 R8b7 46. g4 Nb8 47. Kg2
Na6 48. Kg3 Bd8 49. Rh1 f5 50. exf6 gxf6 51. h5 Bc7 52. Kf3 Kg7 53. hxg6 Kxg6
54. f5+ Kf7 55. fxe6+ Nxe6 56. Rh7+ Kg8 57. Re7 Nf8 58. Bh6 Ng6 59. Rg7+ 1-0

[Event "Elit(Solna-Rockaden)"]
[Site "?"]
[Date "2007.11.18"]
[Round "5"]
[White "Hanninger, Simon"]
[Black "Johansson, Toni"]
[Result "1/2-1/2"]
[WhiteElo "2188"]
[BlackElo "2178"]
[PlyCount "170"]

1. e4 c5 2. Nc3 Nc6 3. g3 g6 4. Bg2 Bg7 5. d3 d6 6. Be3 Qa5 7. Qd2 Nd4 8. f4
Nf6 9. h3 Nh5 10. g4 Ng3 11. Rh2 h5 12. Bf2 h4 13. Nf3 Nxf3+ 14. Bxf3 g5 15.
fxg5 Be5 16. Rg2 Rg8 17. Nd5 Qxd2+ 18. Kxd2 Kd8 19. Bxg3 Bxg3 20. Rxg3 hxg3 21.
h4 Be6 22. Nf4 Kd7 23. Rg1 a5 24. a4 Rab8 25. c4 Rh8 26. h5 Rbg8 27. Nh3 f6 28.
g6 Rxg6 29. hxg6 Rxh3 30. Rh1 Rh2+ 31. Rxh2 gxh2 32. Ke3 Ke8 33. Kf4 Kf8 34.
Kg3 Kg7 35. Kxh2 Kxg6 36. Kg3 Kg5 37. Be2 Bd7 38. b3 e6 39. Bf1 Bc6 40. Be2 Be8
41. Bf3 Bg6 42. Be2 b6 43. Bf3 f5 44. gxf5 exf5 45. exf5 Bxf5 46. Be2 Bg6 47.
Kf3 Kf5 48. Ke3 Ke5 49. Bd1 Bf5 50. Bc2 Bg4 51. Kd2 Kd4 52. Bb1 Bf5 53. Bc2 Bg6
54. Bb1 Bf7 55. Bc2 d5 56. Bd1 Bg6 57. Bc2 Bh7 58. Bb1 Bf5 59. Bc2 Bg4 60. Bb1
Ke5 61. Bc2 Be6 62. Bd1 Kf4 63. Bc2 Kf3 64. Bd1+ Kf2 65. Bc2 Bf7 66. Bd1 Be6
67. Bc2 Kf3 68. Bd1+ Kf4 69. Bc2 Ke5 70. Bd1 Kd4 71. Bc2 Bf5 72. Bb1 b5 73.
axb5 dxc4 74. bxc4 a4 75. b6 Bc8 76. Bc2 a3 77. Bb3 Ke5 78. Kc3 Kd6 79. d4 Kc6
80. d5+ Kxb6 81. Ba2 Ba6 82. Kb3 Kc7 83. Kxa3 Kd6 84. Kb3 Bc8 85. Kc3 Bh3
1/2-1/2

[Event "Elit(Solna-Rockaden)"]
[Site "?"]
[Date "2007.11.18"]
[Round "5"]
[White "Bergstrom, Magnus"]
[Black "Lissang, Christopher"]
[Result "0-1"]
[WhiteElo "2213"]
[BlackElo "2180"]
[PlyCount "86"]

1. c4 c6 2. Nf3 d5 3. b3 Nf6 4. Bb2 Bf5 5. g3 e6 6. Bg2 Nbd7 7. d3 h6 8. O-O
Be7 9. Nbd2 O-O 10. Qc2 Bh7 11. a3 a5 12. Qc3 b5 13. Rfc1 b4 14. Qc2 Bd6 15. e4
Qb8 16. axb4 Bxb4 17. Re1 Rc8 18. Bc3 Bxc3 19. Qxc3 Qb4 20. Qc2 Nc5 21. Ne5
Rab8 22. Reb1 Rb6 23. f3 dxe4 24. dxe4 Ra6 25. Kh1 Rd8 26. Ra2 Nfd7 27. Ng4 h5
28. Nf2 Ne5 29. Bf1 Ra7 30. Kg2 Rad7 31. Rbb2 g5 32. h3 Rd4 33. Be2 Ng6 34. Nb1
h4 35. Nc3 hxg3 36. Kxg3 Qb8+ 37. Kg2 Nh4+ 38. Kf1 Qh2 39. Rxa5 Qg2+ 40. Ke1
Qg1+ 41. Bf1 Nxf3+ 42. Ke2 Rd2+ 43. Kxf3 Qxf2+ 0-1

[Event "Elit(Vasteras-Solna)"]
[Site "?"]
[Date "2008.01.12"]
[Round "6"]
[White "Lindberg, Bengt"]
[Black "Akesson, Ralf"]
[Result "1/2-1/2"]
[WhiteElo "2458"]
[BlackElo "2537"]
[PlyCount "101"]
[EventDate "2008.??.??"]
[SourceDate "2008.01.27"]

1. e4 c6 2. d4 d5 3. Nc3 dxe4 4. Nxe4 Nd7 5. Ng5 Ngf6 6. Bd3 e6 7. N1f3 Bd6 8.
Qe2 h6 9. Ne4 Nxe4 10. Qxe4 Nf6 11. Qe2 b6 12. Bd2 Bb7 13. O-O-O Qc7 14. Ne5
O-O-O 15. f4 c5 16. dxc5 Bxc5 17. Rhe1 Nd5 18. Ba6 Bxa6 19. Qxa6+ Kb8 20. Qa4
Rc8 21. c4 Bd6 22. Kb1 Nf6 23. Bb4 Bxb4 24. Qxb4 Rhd8 25. g3 Qb7 26. Rxd8 Rxd8
27. c5 Nd5 28. Qb5 Rc8 29. cxb6 Nxb6 30. a4 f6 31. Nd3 Qc6 32. Nb4 Qxb5 33.
axb5 Re8 34. Na6+ Kc8 35. f5 e5 36. Rc1+ Kd8 37. Nb8 Nc8 38. g4 e4 39. Nc6+ Kd7
40. Nd4 Nd6 41. Ne6 Re7 42. Rc7+ Ke8 43. b6 axb6 44. Rc6 Rd7 45. Nxg7+ Rxg7 46.
Rxd6 Rxg4 47. Rxf6 Rh4 48. Rxb6 Rxh2 49. Re6+ Kf7 50. Rxe4 Kf6 51. Rf4 1/2-1/2

[Event "Elit(Vasteras-Solna)"]
[Site "?"]
[Date "2008.01.12"]
[Round "6"]
[White "Norberg, Johan"]
[Black "Johansson, Gunnar"]
[Result "1-0"]
[WhiteElo "2379"]
[BlackElo "2296"]
[PlyCount "93"]
[EventDate "2008.??.??"]

1. e4 c5 2. Nf3 Nc6 3. d4 cxd4 4. Nxd4 e6 5. Nc3 Qc7 6. Be2 a6 7. O-O Nf6 8.
Be3 Bb4 9. Na4 Be7 10. Nxc6 bxc6 11. Nb6 Rb8 12. Nxc8 Qxc8 13. e5 Nd5 14. Bc1
Bc5 15. Qd3 Qc7 16. Qg3 Bd4 17. Qxg7 Qxe5 18. Qxe5 Bxe5 19. Bxa6 Rb6 20. Bd3
Bxb2 21. Bxb2 Rxb2 22. a4 Ke7 23. Rfb1 Rxb1+ 24. Rxb1 Ra8 25. Ra1 Ra5 26. Bc4
Kd6 27. Bxd5 cxd5 28. Kf1 Rc5 29. Ra2 Kc6 30. Ke1 Rc4 31. Kd2 Rh4 32. h3 Rf4
33. Ke3 Rb4 34. Kd3 Kb6 35. c3 Rc4 36. Rb2+ Kc6 37. Rb4 Kc5 38. a5 Rxb4 39.
cxb4+ Kb5 40. Kd4 d6 41. f4 h5 42. g4 hxg4 43. hxg4 Kc6 44. a6 f6 45. b5+ Kb6
46. g5 e5+ 47. Kxd5 1-0

[Event "Elit(Vasteras-Solna)"]
[Site "?"]
[Date "2008.01.12"]
[Round "6"]
[White "Jonsson, Mikael"]
[Black "Eriksson, Anders"]
[Result "1-0"]
[WhiteElo "2324"]
[BlackElo "2389"]
[PlyCount "115"]
[EventDate "2008.??.??"]

1. d4 Nf6 2. c4 e6 3. Nc3 Bb4 4. e3 c5 5. a3 Bxc3+ 6. bxc3 Nc6 7. Nf3 b6 8. Bd3
d6 9. O-O e5 10. Ng5 Qe7 11. Ne4 O-O 12. Nxf6+ Qxf6 13. Be4 Bb7 14. Bd5 Na5 15.
dxc5 dxc5 16. e4 Bxd5 17. cxd5 b5 18. Rb1 a6 19. a4 Rab8 20. f4 Rb6 21. Be3 Qe7
22. fxe5 Nc4 23. Qe2 Rc8 24. Qg4 Re8 25. Bg5 Qxe5 26. Bf4 Qe7 27. Rbe1 f6 28.
Qg3 bxa4 29. Bc7 Rb7 30. d6 Qe6 31. Rd1 Ne5 32. Qf2 Nd7 33. Rfe1 Rb3 34. Qa2
Rxc3 35. Qxa4 Rc4 36. Qxa6 Rxe4 37. Rxe4 Qxe4 38. h3 Ra8 39. Qd3 Qxd3 40. Rxd3
Kf7 41. Kf2 g6 42. Rd2 Re8 43. Ra2 Re4 44. Ra8 c4 45. Rd8 Nf8 46. Rxf8+ Kxf8
47. d7 Rd4 48. d8=Q+ Rxd8 49. Bxd8 Kf7 50. Ke3 Ke6 51. Kd4 Kf5 52. Bc7 h5 53.
Kxc4 Ke4 54. Bd8 f5 55. Bg5 f4 56. h4 f3 57. gxf3+ Kxf3 58. Kd5 1-0

[Event "Elit(Vasteras-Solna)"]
[Site "?"]
[Date "2008.01.12"]
[Round "6"]
[White "Eriksson, Johan"]
[Black "Bergstrom, Christer"]
[Result "0-1"]
[WhiteElo "2445"]
[BlackElo "2333"]
[PlyCount "52"]
[EventDate "2008.??.??"]

1. d4 Nf6 2. c4 e6 3. Nc3 Bb4 4. f3 d5 5. a3 Bxc3+ 6. bxc3 O-O 7. cxd5 exd5 8.
e3 Bf5 9. Ne2 Nbd7 10. g4 Be6 11. Ng3 Ne8 12. Bd3 Nd6 13. Qc2 g6 14. h4 f5 15.
h5 fxg4 16. fxg4 g5 17. Bxh7+ Kh8 18. Bf5 Bxf5 19. gxf5 Nf6 20. c4 Nfe4 21.
Nxe4 Nxe4 22. Bb2 Rxf5 23. cxd5 Qxd5 24. O-O-O Rf2 25. Qd3 Qc6+ 26. Kb1 Qb6 0-1

[Event "Elit(Vasteras-Solna)"]
[Site "?"]
[Date "2008.01.12"]
[Round "6"]
[White "Karlsson, Tomas"]
[Black "Norberg, Erik"]
[Result "1/2-1/2"]
[WhiteElo "2293"]
[BlackElo "2281"]
[PlyCount "124"]
[EventDate "2008.??.??"]

1. e4 g6 2. d4 Bg7 3. Nc3 c6 4. Nf3 d5 5. Be2 dxe4 6. Nxe4 Nd7 7. O-O Ngf6 8.
Ng3 O-O 9. Bg5 Qc7 10. Qc1 Re8 11. Bf4 Qd8 12. Rd1 b6 13. c4 Bb7 14. Qc2 e6 15.
Ne5 Qe7 16. Nxd7 Nxd7 17. Ne4 e5 18. dxe5 Nxe5 19. Nd6 Red8 20. Nxb7 Qxb7 21.
Rxd8+ Rxd8 22. Rd1 Re8 23. h3 Qe7 24. b3 c5 25. Qe4 Nc6 26. Qxe7 Rxe7 27. Kf1
Be5 28. Bg5 f6 29. Be3 Nb4 30. a4 Kg7 31. Rd8 h6 32. Bd2 Nc6 33. Rd3 Bd4 34. f4
f5 35. Bf3 Nb8 36. a5 Nd7 37. a6 Nf6 38. g3 Ne4 39. Be1 Kf6 40. Bxe4 fxe4 41.
Rd1 Kf5 42. Ke2 g5 43. fxg5 hxg5 44. Bd2 e3 45. Rf1+ Ke4 46. Bc1 Rh7 47. h4
gxh4 48. Rf4+ Ke5 49. Rxh4 Rg7 50. Kf3 Kd6 51. Rh2 Rf7+ 52. Ke2 Rg7 53. Rh6+
Ke5 54. Rh5+ Ke4 55. Rh4+ Ke5 56. Kf3 Kd6 57. Bxe3 Bxe3 58. Kxe3 Rxg3+ 59. Ke4
Rxb3 60. Rh6+ Kc7 61. Rh7+ Kc6 62. Rh6+ Kc7 1/2-1/2

[Event "Elit(Vasteras-Solna)"]
[Site "?"]
[Date "2008.01.12"]
[Round "6"]
[White "Nilsson, Andre"]
[Black "Steneskog, Per"]
[Result "1-0"]
[WhiteElo "2323"]
[BlackElo "2231"]
[PlyCount "81"]
[EventDate "2008.??.??"]

1. g3 d5 2. Bg2 Nf6 3. Nf3 c5 4. O-O Nc6 5. d3 e5 6. Na3 Bd6 7. e4 d4 8. Nc4 b5
9. Nxd6+ Qxd6 10. a4 Ba6 11. Nd2 Nd7 12. axb5 Bxb5 13. f4 O-O 14. b3 a5 15. Nf3
a4 16. bxa4 Bxa4 17. fxe5 Ndxe5 18. Bf4 f6 19. Bxe5 Nxe5 20. Nxe5 fxe5 21.
Rxf8+ Qxf8 22. Bh3 Qe8 23. Qb1 Bc6 24. Qb3+ Kh8 25. Rf1 Bd7 26. Bxd7 Qxd7 27.
Kg2 h6 28. Qc4 Qd6 29. Qf7 Rb8 30. Rf5 Rd8 31. g4 c4 32. Qxc4 Qd7 33. Qc5 Rc8
34. Rf8+ Rxf8 35. Qxf8+ Kh7 36. Qf5+ Qxf5 37. exf5 g5 38. Kf3 Kg7 39. Ke4 Kf6
40. Kd5 h5 41. h3 1-0

[Event "Elit(Vasteras-Solna)"]
[Site "?"]
[Date "2008.01.12"]
[Round "6"]
[White "Landgren, Andreas"]
[Black "Wikstrom, Per"]
[Result "1/2-1/2"]
[WhiteElo "2198"]
[BlackElo "2181"]
[PlyCount "73"]
[EventDate "2008.??.??"]

1. d4 d5 2. c4 c6 3. Nf3 e6 4. Nc3 f5 5. Bf4 Nf6 6. e3 Bd6 7. Bd3 O-O 8. O-O
Ne4 9. Rc1 Qe7 10. c5 Bxf4 11. exf4 b6 12. Na4 bxc5 13. Nxc5 Nd7 14. Nxd7 Bxd7
15. Ne5 Rfc8 16. Qa4 Be8 17. Bxe4 dxe4 18. Rc5 Rab8 19. b3 Qd6 20. Rfc1 Rd8 21.
R1c4 Rb5 22. Qxa7 Rxc5 23. Qxc5 Qxc5 24. Rxc5 Rxd4 25. Kf1 Rd2 26. a4 Rb2 27.
Rc3 Kf8 28. f3 exf3 29. gxf3 Ke7 30. Ke1 Rxh2 31. Nxc6+ Kd6 32. Ne5 Ra2 33. Rc8
Ke7 34. Rc7+ Kf6 35. Rc8 Ke7 36. Rc7+ Kf6 37. Rc8 1/2-1/2